| 000 | 00517nam a2200145 4500 | ||
|---|---|---|---|
| 001 | 108551 | ||
| 003 | ES-MaACL | ||
| 007 | t| | ||
| 008 | 061121s1980 sp r ||||1| spa d | ||
| 100 | 1 |
_aMontesinos Julve, Vicente. _982603 |
|
| 245 | 1 | 4 |
_aLas normas de contabilidad en la Comunidad Económica Europea / _cVicente Montesinos Julve. |
| 260 |
_a[Madrid : _bMinisterio de Economía y Hacienda, Instituto de Planificación Contable], _c1980] |
||
| 300 |
_aXIX, 715 p. ; _c24 cm. |
||
| 852 |
_aES-MaACL _jL-3815 _bR.103489 |
||
| 999 |
_c108551 _d108551 |
||